000 nam a22 7a 4500
999 _c10387
_d10387
008 180215b ||||| |||| 00| 0 eng d
100 _aCBSE
_96341
245 _aAccountancy-XII
260 _aNew Delhi
_bCBSE
_c2012-2013